000 00265pam a2200121 a 4500
020 _c
041 _aeng
100 _aGtegory. J.S.
245 _aLand Of The Soviets
_hTextual Documents
260 _aNew York
_bPenguin Books Ltd
300 _a284p.
930 _a15293
999 _c92193
_d92193